000 01771nam0a2200385 4500
001 RU\NLR\BIBL_A\011879418
005 20181212144301.0
010 _a978-5-907059-44-3
_91000
021 _aRU
_bКН-П-18-6219
_9КН-П-18-085859
035 _a(NLR Aleph) 011879418
035 _a(RuMoRGB)009804500
090 _a12242187
_c12242187
100 _a20181203d2019 u y0rusy50 ca
101 1 _arus
_ceng
102 _aRU
105 _ay|||zzzz000zy
200 1 _aСамостоятельная работа над собой
_eвнутренняя работа со сновидящим телом
_fАрнольд Минделл
_gперевод с английского В. В. Самойлова
_gнаучная редакция к. филос. н. Владимира Майкова
210 _aМосква
_cГанга
_d2019 [т.е. 2018]
215 _a187, [1] с.
_d20
225 1 _aТрансперсональная психология
300 _aЗагл. и авт. ориг.: Working on yourself alone / Arnold Mindell
300 _aНа 4-й с. обл. авт.: Арнольд Минделл, психотерапевт
300 _aФактическая дата выхода в свет - 2018
320 _aБиблиогр.: с. 184-188
333 _a16+
454 0 _12001#$aWorking on yourself alone
_1700#1$aMindell$bA.$f1940-$gArnold
606 1 _aПроцессуально-ориентированная психология
_2nlr_sh1
_2nlr_sh2
_3RU\NLR\AUTH\661301185
686 1 _aЮ937-953.6
686 1 _aЮ948.1-82
700 1 _aМинделл
_bА.
_f1940-
_gАрнольд
942 _cBOOK
980 _aNBR
980 _aNB